| 000 | 01032nam a2200253 i 4500 | ||
|---|---|---|---|
| 001 | bg | ||
| 245 | 0 | 0 |
_aGospodarowanie nieruchomościami będącymi w Zasobie Agencji Nieruchomości Rolnych / _cpod red. Stanisława Surowca ; [aut. Małgorzata Dudzińska et al.]. |
| 260 |
_aOlsztyn : _bWydaw. Uniwersytetu Warmińsko-Mazurskiego, _c2003. |
||
| 300 |
_a226 s. : _bmapa, tab., wykr. ; _c24 cm. |
||
| 504 | _aBibliogr., wykaz aktów prawnych s. 225-226. | ||
| 610 | 2 | 9 | _aAgencja Nieruchomości Rolnych |
| 650 | 9 |
_aNieruchomości _xgospodarka _xprawo _zPolska _ystan na 2003 r. |
|
| 655 | _aPodręczniki akademickie | ||
| 700 | 1 |
_aSUROWIEC, Stanisław. _eRed. |
|
| 700 | 1 | _aDUDZIŃSKA, Małgorzata | |
| 020 | _a8372992916 | ||
| 040 | _cBPK | ||
| 041 | 0 | _apol | |
| 080 | _a347.2:631.115.3:332.2:334.724.6](438)(075.8) | ||
| 920 | _a83-7299-291-6 | ||
| 942 | _cKS | ||
| 008 | s pl f |000 0 pol | ||
| 999 |
_c45097 _d45097 |
||
| 856 |
_uhttp://koha.tu.koszalin.pl/cgi-bin/koha/opac-detail.pl?biblionumber=45097 _yKatalog online BPK |
||